000 00829nam a2200217Ia 4500
999 _c41345
_d41345
001 8003
003 GE_BSU
005 20200115175233.0
008 181216s2013||||ge |||||||||||||| ||geo||
020 _a9789941179785
040 _cGE_BSU
041 _ageo
080 _a53(076.5) ჯ-21
100 _aჯანელიძე, ო.
_91746
245 _aლაბორატორიული პრაქტიკუმი ფიზიკაში :
_b ნ.1
_cო.ჯანელიძე ; რედ. ბორის კუტუბიძე.
264 _aთბილისი :
_bუნივერსალი,
_c2013.
300 _a87გვ.
_bცხრ.ილ.;
_c23 სმ.
653 _aფიზიკა
700 _aკუტუბიძე, ბორის
_eრედაქტორი
_91744
942 _cBK
_2udc